| 000 | 00490nam a2200181Ia 4500 | ||
|---|---|---|---|
| 008 | 240925s9999 xx 000 0 und d | ||
| 020 | _a9125914234 | ||
| 082 | _a006.6 MUK | ||
| 100 | _aMakhopadhyay , A | ||
| 245 | 0 | _aIntroduction to Computer Graphics | |
| 250 | _aNA | ||
| 260 |
_aIndia: _bVikar Publisher House _c,2003. |
||
| 300 |
_axxiv,1079p. _bNA _fOriginal |
||
| 500 | _aNA | ||
| 600 | _aComputer Science | ||
| 650 | _aComputer science, information & general works | ||
| 942 | _cBK | ||
| 999 |
_c8497 _d8497 |
||